|
|
|
|
| LEADER |
00000cam a2200000 i 4500 |
| 001 |
1/35038 |
| 008 |
061003t19671965gw | ||| |||| ||ger|| |
| 035 |
|
|
|l 10085400
|
| 040 |
|
|
|a GR-MyUA
|b gre
|e AACR2
|
| 041 |
1 |
|
|a ger
|h eng
|
| 082 |
0 |
|
|a 346.1523097814
|2 (22)
|
| 100 |
1 |
|
|a Capote, Truman,
|d 1924-1984.
|
| 245 |
1 |
0 |
|a Kaltblutig :
|b Wahrheitsgemasser Bericht uber einen mehrfachen Mord und seine Folgen /
|c Truman Capote ; deutsch von Kurt Heinrich Hansen.
|
| 260 |
|
|
|a Wiesbaden :
|b Limes,
|c 1967, c1965.
|
| 300 |
|
|
|a 407 σ. ;
|c 20 εκ.
|
| 500 |
|
|
|a Τίτλος πρωτοτύπου: In cold blood.
|
| 600 |
1 |
0 |
|a Hickock, Richard Eugene,
|d 1931-1965.
|
| 600 |
1 |
0 |
|a Smith, Perry Edward,
|d 1928-1965.
|
| 650 |
0 |
0 |
|a Murder
|z Kansas.
|
| 700 |
1 |
|
|a Hansen, Kurt Heinrich,
|e trl
|
| 852 |
|
|
|a INST
|b CHIOS
|e 20061003
|h 346.1523097814 CAP
|p 005200027126
|q 005200027126
|t BK
|y 0
|
| 901 |
|
|
|a BIBL2-2006-2
|
| 909 |
|
|
|a Χ
|b 016221
|
| 970 |
|
|
|a ΒΑΣΙΛΑΚΗ
|b ΝΙΚΗ
|z 2006/10/03
|